Detalles MARC
| 000 -CABECERA |
| campo de control de longitud fija |
01080nam a2200229 a 4500 |
| 001 - NÚMERO DE CONTROL |
| campo de control |
000017940 |
| 005 - FECHA Y HORA DE LA ÚLTIMA TRANSACCIÓN |
| campo de control |
20240410073846.0 |
| 008 - DATOS DE LONGITUD FIJA--INFORMACIÓN GENERAL |
| campo de control de longitud fija |
100407s2002 dr ab 001 0 spa d |
| 040 ## - FUENTE DE LA CATALOGACIÓN |
| Centro catalogador/agencia de origen |
DO-SdBNP |
| Lengua de catalogación |
spa |
| Centro/agencia transcriptor |
BNPHU |
| 082 ## - NÚMERO DE LA CLASIFICACIÓN DECIMAL DEWEY |
| Número de clasificación |
972.9304 |
| Número de documento/Ítem |
B715r |
| 100 1# - ENTRADA PRINCIPAL--NOMBRE DE PERSONA |
| Nombre de persona |
Bonilla, Francisco Antonio |
| 9 (RLIN) |
38905 |
| 245 10 - MENCIÓN DE TÍTULO |
| Título |
República Dominicana, su independencia y su restauración : |
| Resto del título |
conferencia / |
| Mención de responsabilidad, etc. |
Francisco Antonio Bonilla. |
| 260 ## - PUBLICACIÓN, DISTRIBUCIÓN, ETC. |
| Lugar de publicación, distribución, etc. |
Mao, República Dominicana : |
| Nombre del editor, distribuidor, etc. |
[Comité de Historia de Mao], |
| Fecha de publicación, distribución, etc. |
2002. |
| 300 ## - DESCRIPCIÓN FÍSICA |
| Extensión |
68 p. : |
| Otras características físicas |
il., mapas ; |
| Dimensiones |
21 cm. |
| 504 ## - NOTA DE BIBLIOGRAFÍA, ETC. |
| Nota de bibliografía, etc. |
Bibliografía: p. 68. |
| 505 0# - NOTA DE CONTENIDO CON FORMATO |
| Información miscelánea |
Introducción -- |
| Título |
República Dominicana: origen y evolución -- |
| -- |
Independencia nacional -- |
| -- |
La restauración de la República. La anexión de 1861 -- |
| -- |
Consecuencias de la Guerra Restauradora -- |
| Información miscelánea |
Bibliografía. |
| 590 ## - NOTA LOCAL (RLIN) |
| Nota local |
Inventariado, 2020/YL |
| 651 #0 - PUNTO DE ACCESO ADICIONAL DE MATERIA--NOMBRE GEOGRÁFICO |
| Nombre geográfico |
República Dominicana -- |
| Subdivisión general |
Historia -- |
| Subdivisión cronológica |
1844-1930 |
| 9 (RLIN) |
1009 |
| 651 #0 - PUNTO DE ACCESO ADICIONAL DE MATERIA--NOMBRE GEOGRÁFICO |
| Nombre geográfico |
REPÚBLICA DOMINICANA |
| Subdivisión general |
HISTORIA |
| Subdivisión cronológica |
RESTAURACIÓN 1863-1865 |
| 9 (RLIN) |
896 |
| 700 1# - PUNTO DE ACCESO ADICIONAL--NOMBRE DE PERSONA |
| Nombre de persona |
Bonilla, Francisco Antonio |
| 9 (RLIN) |
38905 |
| 910 ## - DATOS DE OPCIÓN DEL USUARIO (OCLC) |
| Datos de opción del usuario |
Validado. Control de la calidad EMS |